[Event "SR 2. liga A 2005/2006"]
[Site "?"]
[Date "2005.12.17"]
[Round "30.3"]
[White "Eged, Igor"]
[Black "Lutter, Ladislav"]
[Result "1-0"]
[WhiteElo "2107"]
[BlackElo "1961"]
[PlyCount "93"]
[EventDate "2005.??.??"]

1. c4 c5 2. Nf3 Nc6 3. e3 e6 4. Nc3 f5 5. d4 Nf6 6. d5 Nb4 7. a3 Na6 8. dxe6
dxe6 9. Qxd8+ Kxd8 10. Ne5 Ke8 11. Nb5 Nd7 12. Nf3 Be7 13. Bd2 Kf7 14. O-O-O
Rd8 15. Bc3 Bf6 16. Bxf6 gxf6 17. Be2 b6 18. Rd2 Ke7 19. Nd6 Nc7 20. Rhd1 Ba6
21. Nf7 Bc8 22. Nxd8 Kxd8 23. Nh4 Ke7 24. g4 fxg4 25. Bxg4 f5 26. Bf3 Rb8 27.
Rg1 Ne8 28. Bc6 Ndf6 29. Bxe8 Nxe8 30. Rg8 b5 31. cxb5 Rxb5 32. Rh8 Bb7 33.
Rxh7+ Kf6 34. Rd8 Bc6 35. Rxa7 Kg5 36. Nf3+ Bxf3 37. Rxe8 Bd5 38. Rg8+ Kf6 39.
h4 c4 40. Rc7 Ke5 41. h5 f4 42. h6 Kd6 43. h7 Kxc7 44. h8=Q fxe3 45. Qe5+ Kb6
46. fxe3 c3 47. Rb8+ 1-0

[Event "SR 2. liga A 2005/2006"]
[Site "?"]
[Date "2005.12.17"]
[Round "30.4"]
[White "Kucera, Michal"]
[Black "Breja, Stanislav"]
[Result "0-1"]
[WhiteElo "1988"]
[BlackElo "2091"]
[PlyCount "80"]
[EventDate "2005.??.??"]

1. e4 e5 2. Nf3 Nf6 3. Nxe5 d6 4. Nf3 Nxe4 5. Nc3 Nxc3 6. dxc3 Nc6 7. Bf4 Be7
8. Qd2 O-O 9. O-O-O Be6 10. Kb1 Bf6 11. Bd3 Qd7 12. Bg5 Bxg5 13. Nxg5 Bf5 14.
f4 h6 15. Nf3 Rfe8 16. Rhg1 Re7 17. g4 Bxg4 18. Qg2 f5 19. h3 Bh5 20. Rdf1 Bxf3
21. Qxf3 Rf8 22. b3 Nd8 23. Qh5 Rf6 24. Rg3 c6 25. Rfg1 Ne6 26. Qf3 Nc5 27. Qg2
Ne4 28. Rg6 Rxg6 29. Qxg6 Qe6 30. Bxe4 fxe4 31. f5 Qxg6 32. fxg6 e3 33. h4 e2
34. Re1 Re6 35. h5 Kf8 36. Kc1 Ke7 37. Kd2 Re5 38. Kd3 Ke6 39. c4 Kf5 40. b4
Kg4 0-1

[Event "SR 2. liga A 2005/2006"]
[Site "?"]
[Date "2005.12.17"]
[Round "30.5"]
[White "Cambel, Vladimir"]
[Black "Tomanek, Rafael"]
[Result "1-0"]
[WhiteElo "2080"]
[BlackElo "2000"]
[PlyCount "47"]
[EventDate "2005.??.??"]

1. c4 e6 2. e4 c6 3. Nc3 d5 4. d4 dxe4 5. Nxe4 Nf6 6. Nxf6+ Qxf6 7. a3 Nd7 8.
Nf3 h6 9. Be2 Bd6 10. Bd2 O-O 11. O-O Re8 12. Bc3 e5 13. c5 Bc7 14. b4 exd4 15.
Nxd4 Ne5 16. f4 Ng6 17. Nb5 Qe7 18. Nxc7 Qxc7 19. Qd4 f6 20. Bd3 Nf8 21. Rf3
Be6 22. Rg3 Nd7 23. Qe4 Re7 24. f5 1-0

[Event "SR 2. liga A 2005/2006"]
[Site "?"]
[Date "2005.12.17"]
[Round "30.6"]
[White "Nagy, Edmund"]
[Black "Zdrazil, Bohumir"]
[Result "1-0"]
[WhiteElo "1985"]
[BlackElo "1984"]
[PlyCount "67"]
[EventDate "2005.??.??"]

1. d4 d5 2. c4 e6 3. Nf3 c6 4. e3 Nf6 5. Bd3 dxc4 6. Bxc4 b5 7. Bd3 a6 8. O-O
Bb7 9. e4 Nbd7 10. e5 Nd5 11. Nc3 c5 12. Qe2 Qb6 13. Be3 c4 14. Bc2 Nxc3 15.
bxc3 Qc7 16. Ng5 g6 17. Be4 Nb6 18. Qf3 Bd5 19. Bxd5 Nxd5 20. Ne4 Be7 21. Bh6
Rg8 22. Bg5 Bxg5 23. Nxg5 h5 24. Ne4 Ke7 25. Nd6 Rgf8 26. a4 f6 27. Qg3 fxe5
28. dxe5 Nf4 29. Qg5+ Kd7 30. axb5 axb5 31. Nxb5 Ne2+ 32. Kh1 Rxf2 33. Rfd1+
Kc6 34. Nxc7 1-0

[Event "SR 2. liga A 2005/2006"]
[Site "?"]
[Date "2005.12.17"]
[Round "30.7"]
[White "Hricak, Vasil"]
[Black "Priam, Stefan"]
[Result "1-0"]
[WhiteElo "2032"]
[BlackElo "1887"]
[PlyCount "111"]
[EventDate "2005.??.??"]

1. e4 e6 2. d4 d5 3. Nd2 c5 4. exd5 exd5 5. Ngf3 Nf6 6. Bb5+ Bd7 7. Bxd7+ Nbxd7
8. O-O Be7 9. dxc5 Nxc5 10. Nd4 O-O 11. N2f3 Re8 12. Nf5 Bf8 13. Bg5 Nce4 14.
Be3 Qd7 15. N3d4 Nd6 16. Qf3 Nxf5 17. Nxf5 Re5 18. Nh6+ Kh8 19. Bd4 Rh5 20.
Bxf6 Rxh6 21. Bd4 Bd6 22. h3 Bc7 23. Rfe1 f6 24. Qe3 Rh4 25. Qe7 Qxe7 26. Rxe7
Bd6 27. Rd7 Rxd4 28. Rxd6 Rd2 29. Rd7 h6 30. Re1 b6 31. Rc7 a6 32. Ree7 Rg8 33.
Red7 b5 34. b4 Rd1+ 35. Kh2 Ra1 36. Rxd5 Rxa2 37. Rdd7 Rb2 38. Rd4 Re8 39. Kg3
Re2 40. Rg4 Rbxc2 41. Rcxg7 h5 42. Rg8+ Kh7 43. R4g7+ Kh6 44. Rg6+ Kh7 45.
R8g7+ Kh8 46. Ra7 Rxf2 47. Kh2 Ra2 48. Rgg7 Rab2 49. Kh1 Rb1+ 50. Kh2 Rbb2 51.
Kg1 Rfd2 52. Rg6 Ra2 53. Rc7 a5 54. Rc5 Kh7 55. Rg3 axb4 56. Rxh5# 1-0

[Event "SR 2. liga A 2005/2006"]
[Site "?"]
[Date "2005.12.17"]
[Round "30.8"]
[White "Orolin, Peter"]
[Black "Prielozny, Marek"]
[Result "1/2-1/2"]
[WhiteElo "1900"]
[BlackElo "1954"]
[PlyCount "38"]
[EventDate "2005.??.??"]

1. e4 e6 2. d3 d5 3. Nd2 g6 4. Ngf3 Bg7 5. g3 Ne7 6. Be2 c5 7. O-O Nbc6 8. Re1
h6 9. h4 O-O 10. e5 Nf5 11. Nf1 b5 12. Bf4 Ba6 13. Qd2 Kh7 14. Ne3 Ncd4 15.
Nxd4 Nxd4 16. c3 Nf5 17. Nxf5 gxf5 18. b4 Rc8 19. d4 cxb4 1/2-1/2

[Event "SR 2. liga A 2005/2006"]
[Site "?"]
[Date "2005.12.18"]
[Round "31.1"]
[White "Skreno, Vladimir"]
[Black "Vlcek, Stanislav"]
[Result "0-1"]
[WhiteElo "2176"]
[BlackElo "2238"]
[PlyCount "116"]
[EventDate "2005.??.??"]

1. d4 e6 2. Nf3 c5 3. c4 cxd4 4. Nxd4 b6 5. Nc3 Bb7 6. e4 d6 7. Be2 Nf6 8. f3
Be7 9. O-O O-O 10. Be3 a6 11. Qd2 Nbd7 12. Rfd1 Qc7 13. Rac1 Rac8 14. Bf1 Qb8
15. Qf2 Bd8 16. a4 Ne5 17. b3 Bc7 18. Nc2 Nfd7 19. Be2 Ng6 20. a5 bxa5 21. Ba7
Qa8 22. Na4 Bc6 23. Ra1 Qb7 24. Rdb1 Nf4 25. Bf1 d5 26. exd5 exd5 27. Bd4 Ne6
28. Be3 Qb8 29. g3 Ne5 30. Ne1 d4 31. Bd2 f5 32. b4 Qa8 33. Bg2 Nxc4 34. bxa5
f4 35. Nb6 Nxb6 36. axb6 Bd6 37. Bb4 Bxb4 38. Rxb4 Qb7 39. Qa2 Bd5 40. Qxa6
Qxa6 41. Rxa6 Rc1 42. Kf2 Nc5 43. Ra3 Re8 44. Nd3 Rc2+ 45. Kg1 Nxd3 46. Rxd3
Re1+ 47. Bf1 Rcc1 48. b7 Rxf1+ 49. Kg2 Rg1+ 50. Kf2 Bxb7 51. Rxb7 Rh1 52. gxf4
Rc2+ 53. Kg3 Rg1+ 54. Kh3 Rc6 55. Rb8+ Kf7 56. Rb7+ Ke8 57. Rb8+ Kd7 58. Rxd4+
Kc7 0-1

[Event "SR 2. liga A 2005/2006"]
[Site "?"]
[Date "2005.12.18"]
[Round "31.2"]
[White "Duriga, Stefan"]
[Black "Bisco, Igor"]
[Result "1-0"]
[WhiteElo "2263"]
[BlackElo "2110"]
[PlyCount "73"]
[EventDate "2005.??.??"]

1. d4 Nf6 2. c4 g6 3. Nc3 Bg7 4. e4 d6 5. f3 O-O 6. Be3 c6 7. Qd2 a6 8. O-O-O
b5 9. Kb1 Qc7 10. Rc1 Qb7 11. g4 Nbd7 12. g5 Nh5 13. Nge2 b4 14. Nd1 c5 15. d5
Ne5 16. Bg2 f6 17. f4 Ng4 18. h4 Bd7 19. Nf2 Rf7 20. Nd3 Nxe3 21. Qxe3 a5 22.
Bf3 Qa6 23. f5 fxg5 24. hxg5 Raf8 25. Bxh5 gxh5 26. Rxh5 a4 27. Qh3 b3 28. a3
Rxf5 29. exf5 Bxf5 30. Qe3 Qc8 31. Rhh1 Qe8 32. Ng3 Bg6 33. Rcf1 Bd4 34. Rxf8+
Qxf8 35. Qe6+ Kg7 36. Nh5+ Kh8 37. Qxg6 {time} 1-0

[Event "SR 2. liga A 2005/2006"]
[Site "?"]
[Date "2005.12.18"]
[Round "31.3"]
[White "Cvicela, Anton"]
[Black "Petrik, Karol"]
[Result "1-0"]
[WhiteElo "2186"]
[BlackElo "2230"]
[PlyCount "31"]
[EventDate "2005.??.??"]

1. e4 c6 2. d4 g6 3. Nc3 Bg7 4. f4 d5 5. Nf3 dxe4 6. Nxe4 Bf5 7. Ng3 Bg4 8. c3
h5 9. h3 Bxf3 10. Qxf3 e6 11. Bc4 Nh6 12. O-O h4 13. Ne4 Nf5 14. b3 Bxd4+ 15.
cxd4 Qxd4+ 16. Qf2 1-0

[Event "SR 2. liga A 2005/2006"]
[Site "?"]
[Date "2005.12.18"]
[Round "31.4"]
[White "Petreje, Juraj"]
[Black "Kisonova, Katarina"]
[Result "0-1"]
[WhiteElo "2181"]
[BlackElo "2146"]
[PlyCount "65"]
[EventDate "2005.??.??"]

1. Nf3 Nf6 2. c4 e6 3. g3 Be7 4. Bg2 O-O 5. O-O d5 6. b3 Nbd7 7. Bb2 b6 8. d3
Bb7 9. a3 c5 10. e3 Qc7 11. Nc3 a6 12. Rc1 Rac8 13. Re1 Rfd8 14. Qe2 Nb8 15.
Qf1 Nc6 16. cxd5 exd5 17. Nb1 Qb8 18. Nbd2 Ne8 19. Rc2 a5 20. d4 Qa8 21. Bh3
Ba6 22. Qg2 Rb8 23. dxc5 bxc5 24. Ne5 Nxe5 25. Bxe5 Rb6 26. Bg4 Bb7 27. Bf3 a4
28. b4 cxb4 29. axb4 Rxb4 30. Bc3 Rb5 31. Bd4 Bf6 32. Be2 Rb4 33. Nf3 {time}
0-1

[Event "SR 2. liga A 2005/2006"]
[Site "?"]
[Date "2005.12.18"]
[Round "31.5"]
[White "Lahucky, Pavol"]
[Black "Sukuba, Zdeno"]
[Result "1/2-1/2"]
[WhiteElo "2107"]
[BlackElo "2108"]
[PlyCount "32"]
[EventDate "2005.??.??"]

1. c4 c5 2. Nc3 Nc6 3. e4 e5 4. d3 g6 5. Be2 Bg7 6. Be3 d6 7. Qd2 Nge7 8. h4 h5
9. O-O-O a6 10. Nh3 Nd4 11. f4 b5 12. Rdf1 Qa5 13. b3 Nxe2+ 14. Nxe2 Qa3+ 15.
Kb1 bxc4 16. dxc4 exf4 1/2-1/2

[Event "SR 2. liga A 2005/2006"]
[Site "?"]
[Date "2005.12.18"]
[Round "31.6"]
[White "Kebis, Milos"]
[Black "Gajarsky, Roman"]
[Result "1-0"]
[WhiteElo "2054"]
[BlackElo "2052"]
[PlyCount "85"]
[EventDate "2005.??.??"]

1. d4 d5 2. Nf3 c6 3. Nbd2 f5 4. c4 e6 5. g3 Nf6 6. Bg2 Be7 7. O-O O-O 8. Qc2
Ne4 9. cxd5 cxd5 10. Ne5 Bd7 11. Nb3 Nc6 12. Nxd7 Qxd7 13. f3 Nb4 14. Qd1 Nf6
15. Bf4 Rac8 16. a3 Nc6 17. Qd3 Nh5 18. Bd2 Bd6 19. e4 dxe4 20. fxe4 g6 21.
exf5 exf5 22. Rae1 Rce8 23. Qc4+ Kh8 24. Bc3 Ng7 25. Bd5 Rxe1 26. Rxe1 f4 27.
Nc5 Bxc5 28. dxc5 fxg3 29. hxg3 Ne7 30. Be6 Qc7 31. Be5 Qa5 32. Bxg7+ Kxg7 33.
Qd4+ Rf6 34. Rf1 Nf5 35. Bxf5 gxf5 36. Rxf5 Qe1+ 37. Kg2 Qe2+ 38. Kh3 Qe6 39.
g4 Kg6 40. Rxf6+ Qxf6 41. Qxf6+ Kxf6 42. Kh4 Kg6 43. b4 1-0

[Event "SR 2. liga A 2005/2006"]
[Site "?"]
[Date "2005.12.18"]
[Round "31.7"]
[White "Peska, Juraj"]
[Black "Faltan, Peter"]
[Result "1-0"]
[WhiteElo "2020"]
[BlackElo "2086"]
[PlyCount "109"]
[EventDate "2005.??.??"]

1. c4 e5 2. Nc3 Nf6 3. g3 d6 4. Bg2 c6 5. d4 Be7 6. e4 Qa5 7. Nge2 Be6 8. d5
Bd7 9. O-O O-O 10. Bd2 Qc7 11. Kh1 Na6 12. f4 Rad8 13. Rb1 Qc8 14. Be3 Qb8 15.
b4 cxd5 16. cxd5 b6 17. Qd3 Bc8 18. Rbc1 Nc7 19. Rc2 Ba6 20. b5 Bc8 21. Rfc1
Nd7 22. Na4 Ne8 23. Rc3 Bf6 24. R3c2 Nc5 25. Nxc5 dxc5 26. a4 Nd6 27. Ra2 Bd7
28. Nc3 Nb7 29. Rcc2 Qd6 30. Nd1 Rfe8 31. Nb2 Na5 32. Nc4 Nxc4 33. Qxc4 Rc8 34.
a5 Rc7 35. axb6 axb6 36. Ra4 Rb8 37. Rca2 Be8 38. Ra8 Rcb7 39. R2a6 Qd7 40. Bf1
Qd8 41. Qa4 g6 42. R6a7 Qc8 43. Qa6 Rxa7 44. Rxa7 Qg4 45. Kg2 Bd7 46. Rb7 Re8
47. Qxb6 exf4 48. Qxf6 fxe3 49. Qf3 e2 50. Bxe2 Rxe4 51. Qxg4 Bxg4 52. Bxg4
Rxg4 53. Rc7 c4 54. b6 c3 55. b7 1-0

[Event "SR 2. liga A 2005/2006"]
[Site "?"]
[Date "2005.12.18"]
[Round "31.8"]
[White "Bukovcak, Jaroslav"]
[Black "Hertel, Ondrej"]
[Result "1-0"]
[WhiteElo "1865"]
[BlackElo "1960"]
[PlyCount "67"]
[EventDate "2005.??.??"]

1. e4 c6 2. d4 d5 3. exd5 cxd5 4. Nf3 Bg4 5. Be2 e6 6. c3 Bd6 7. h3 Bh5 8. Bg5
Qc7 9. O-O h6 10. Be3 Nf6 11. Nbd2 Nc6 12. Re1 O-O 13. Nh4 Bxe2 14. Qxe2 Rfe8
15. Nhf3 e5 16. dxe5 Nxe5 17. Nxe5 Bxe5 18. Nf3 Bf4 19. Qd3 Bxe3 20. Rxe3 Rxe3
21. Qxe3 Re8 22. Qd3 Qb6 23. Qc2 Qa6 24. Nd4 Re4 25. a3 Qc4 26. Rd1 a6 27. Qd2
Qc7 28. Re1 Qe5 29. Nf3 Qe8 30. Re3 Rxe3 31. Qxe3 Qxe3 32. fxe3 Ne4 33. Kf1
Nd2+ 34. Nxd2 1-0

[Event "SR 2. liga A 2005/2006"]
[Site "?"]
[Date "2005.12.18"]
[Round "32.1"]
[White "Machalova, Veronika"]
[Black "Petrik, Stanislav"]
[Result "1-0"]
[WhiteElo "2211"]
[BlackElo "2246"]
[PlyCount "69"]
[EventDate "2005.??.??"]

1. e4 c5 2. Nf3 Nc6 3. d4 cxd4 4. Nxd4 g6 5. Nc3 Bg7 6. Be3 Nf6 7. Be2 O-O 8.
O-O d5 9. exd5 Nxd5 10. Nxd5 Qxd5 11. Bf3 Qe5 12. Nxc6 bxc6 13. c3 Rb8 14. Qd2
Qc7 15. Rfd1 Bf5 16. Qe2 Rb5 17. Rd2 Rfb8 18. Rc1 a5 19. b3 Be6 20. g3 Rc8 21.
Bg2 a4 22. b4 a3 23. Qd1 Ra8 24. Qe2 h5 25. Bf1 Rd5 26. Bg2 Rxd2 27. Qxd2 Rd8
28. Qe2 Bd5 29. Qa6 Bxg2 30. Kxg2 Qd7 31. Qxa3 Qd5+ 32. Kf1 h4 33. Qa5 Qf3 34.
Qxd8+ Kh7 35. Qd1 1-0

[Event "SR 2. liga A 2005/2006"]
[Site "?"]
[Date "2005.12.18"]
[Round "32.2"]
[White "Biro, Karol"]
[Black "Machalova, Maria"]
[Result "1-0"]
[WhiteElo "2172"]
[BlackElo "2140"]
[PlyCount "123"]
[EventDate "2005.??.??"]

1. e4 c5 2. Nf3 Nc6 3. Bb5 g6 4. O-O Bg7 5. Re1 Nd4 6. Nxd4 cxd4 7. c4 a6 8.
Ba4 Rb8 9. d3 b5 10. cxb5 axb5 11. Bb3 d6 12. Nd2 Nf6 13. Nf3 e5 14. Bd2 O-O
15. Rc1 Qb6 16. Qc2 Ba6 17. Qc7 b4 18. Qxb6 Rxb6 19. Bc4 Rfb8 20. a4 Bxc4 21.
Rxc4 Nd7 22. a5 Rb5 23. Ra1 Nc5 24. a6 h6 25. a7 Ra8 26. Rxb4 Rxb4 27. Bxb4
Nxd3 28. Bxd6 Nxb2 29. Bxe5 Bxe5 30. Nxe5 d3 31. Nf3 Nc4 32. Kf1 Nd6 33. Ne5 d2
34. Ke2 Nxe4 35. f3 Nd6 36. Kxd2 Nb5 37. Nc6 Kg7 38. Kd3 g5 39. Kc4 Nxa7 40.
Rxa7 Re8 41. Nd4 Re1 42. Ra6 h5 43. Nf5+ Kf8 44. Ra2 Rh1 45. h3 Rd1 46. Nd4 Kg7
47. Kc3 Kg6 48. Rd2 Ra1 49. Kd3 Ra3+ 50. Ke2 f6 51. Nc2 Ra6 52. Ne3 h4 53. Kf2
Rb6 54. Nd5 Ra6 55. f4 Ra4 56. Kf3 Ra3+ 57. Ne3 Ra4 58. f5+ Kf7 59. Rd7+ Ke8
60. Rc7 Rf4+ 61. Ke2 Kf8 62. Rc4 1-0

[Event "SR 2. liga A 2005/2006"]
[Site "?"]
[Date "2005.12.18"]
[Round "32.3"]
[White "Federic, Pavol"]
[Black "Krajnak, Robert"]
[Result "1-0"]
[WhiteElo "2183"]
[BlackElo "2089"]
[PlyCount "57"]
[EventDate "2005.??.??"]

1. e4 c5 2. Nf3 e6 3. d4 cxd4 4. Nxd4 Nc6 5. Nc3 Qc7 6. Be2 a6 7. O-O Nxd4 8.
Qxd4 Ne7 9. Be3 Nc6 10. Qd2 b5 11. f4 Be7 12. Rad1 d6 13. f5 O-O 14. Bg5 b4 15.
Na4 Bxg5 16. Qxg5 f6 17. Qd2 Rd8 18. Bc4 Kf7 19. Qe2 g6 20. fxe6+ Bxe6 21.
Bxe6+ Kxe6 22. Qc4+ Ke7 23. Kh1 a5 24. e5 dxe5 25. Qh4 Rxd1 26. Qxf6+ Kd7 27.
Nc5+ Kc8 28. Rxd1 Ra7 29. Qh8+ 1-0

[Event "SR 2. liga A 2005/2006"]
[Site "?"]
[Date "2005.12.18"]
[Round "32.4"]
[White "Farkas, Vladimir"]
[Black "Kleman, Miroslav"]
[Result "1-0"]
[WhiteElo "2061"]
[BlackElo "2177"]
[PlyCount "97"]
[EventDate "2005.??.??"]

1. Nf3 Nf6 2. g3 d5 3. Bg2 c5 4. d3 g6 5. O-O Bg7 6. Nc3 d4 7. Na4 Nbd7 8. b3
b5 9. Nb2 Bb7 10. e4 O-O 11. Ne1 e5 12. f4 exf4 13. gxf4 Qc7 14. Bh3 Nb6 15.
Qe2 Rfe8 16. Nd1 c4 17. Qf2 Rad8 18. Nf3 Bf8 19. Nh4 Bc5 20. f5 Nh5 21. Bg4 Ng7
22. Bg5 Rd7 23. fxg6 hxg6 24. Bxd7 Qxd7 25. Qg3 Bd6 26. Qg2 Be7 27. Nf2 Bc8 28.
h3 Rf8 29. Bxe7 Qxe7 30. Nf3 Ne6 31. Qg3 Nd7 32. Ng4 Kg7 33. Rf2 Ng5 34. Raf1
cxd3 35. cxd3 Nc5 36. Nxd4 Qd7 37. Qe5+ f6 38. Nxf6 Nxh3+ 39. Kg2 Nxd3 40.
Nxd7+ Nxe5 41. Nxe5 Nxf2 42. Rxf2 Re8 43. Rf7+ Kh6 44. Nef3 a6 45. Rf6 Rg8 46.
Kg3 Bb7 47. Kf4 a5 48. Ng5 a4 49. Rf7 1-0

[Event "SR 2. liga A 2005/2006"]
[Site "?"]
[Date "2005.12.18"]
[Round "32.5"]
[White "Machalova, Erika"]
[Black "Goga, Frantisek"]
[Result "1-0"]
[WhiteElo "2062"]
[BlackElo "2002"]
[PlyCount "99"]
[EventDate "2005.??.??"]

1. d4 Nf6 2. c4 e5 3. dxe5 Ng4 4. Nf3 Nc6 5. Nc3 Bc5 6. e3 Ngxe5 7. Be2 d6 8.
O-O Nxf3+ 9. Bxf3 Ne5 10. Be2 O-O 11. Nb5 c6 12. Nd4 d5 13. Nb3 Bb6 14. cxd5
cxd5 15. Nd4 Qh4 16. Nf3 Nxf3+ 17. Bxf3 d4 18. e4 Be6 19. b3 Rac8 20. Bb2 Rfd8
21. Qd3 Bg4 22. Bxg4 Qxg4 23. Rac1 Rxc1 24. Rxc1 Rc8 25. Rd1 Rd8 26. f3 Qg5 27.
Bc1 Qa5 28. a4 Qc3 29. Bf4 h6 30. Kf1 Qa5 31. Rc1 g5 32. Bg3 g4 33. f4 Qb4 34.
Bh4 Re8 35. Bf6 Qa3 36. Rd1 Qd6 37. e5 Qe6 38. f5 Qd5 39. Qe2 h5 40. Qd2 Rxe5
41. Qg5+ Kf8 42. Qg7+ Ke8 43. Bxe5 Qxb3 44. Re1 Qc4+ 45. Kg1 Kd7 46. Kh1 d3 47.
Bc3 Bf2 48. Rd1 h4 49. Qe5 a6 50. Qe2 1-0

[Event "SR 2. liga A 2005/2006"]
[Site "?"]
[Date "2005.12.18"]
[Round "32.6"]
[White "Raczko, Peter"]
[Black "Varga, David"]
[Result "1/2-1/2"]
[WhiteElo "2041"]
[BlackElo "2072"]
[PlyCount "69"]
[EventDate "2005.??.??"]

1. e4 e6 2. d4 d5 3. exd5 exd5 4. c4 Nf6 5. Nc3 Be7 6. Nf3 O-O 7. c5 b6 8. cxb6
axb6 9. Be2 Ba6 10. O-O c5 11. Bf4 Bxe2 12. Qxe2 Nc6 13. Rfd1 Re8 14. Qb5 Nb4
15. a3 Ra5 16. Qe2 cxd4 17. Nxd4 Bc5 18. Qd2 Bxd4 19. axb4 Rxa1 20. Rxa1 Qe7
21. h3 Qxb4 22. Ra4 Bxc3 23. Rxb4 Bxd2 24. Bxd2 Rb8 25. Rb5 d4 26. Bf4 Rd8 27.
Kf1 d3 28. Ke1 Ne4 29. Be3 d2+ 30. Kd1 Re8 31. Ke2 Rd8 32. Kd1 g6 33. g4 Rc8
34. Ke2 Rd8 35. Kd1 1/2-1/2

[Event "SR 2. liga A 2005/2006"]
[Site "?"]
[Date "2005.12.18"]
[Round "32.8"]
[White "Vinarcik, Jan"]
[Black "Helbich, Branislav"]
[Result "0-1"]
[WhiteElo "2046"]
[BlackElo "2070"]
[PlyCount "110"]
[EventDate "2005.??.??"]

1. e4 e5 2. Nf3 Nc6 3. Bb5 d6 4. d3 Bd7 5. Nc3 Nf6 6. h3 a6 7. Ba4 b5 8. Bb3
Na5 9. Ng5 Nxb3 10. axb3 h6 11. Nf3 c5 12. Ne2 Be7 13. Be3 Qc7 14. c4 O-O 15.
g4 Nh7 16. Ng3 Rfb8 17. Qe2 bxc4 18. bxc4 Qb6 19. Bc1 Qb4+ 20. Kf1 Qb6 21. Kg2
Qd8 22. Nf5 Bf8 23. h4 Qc8 24. Nh2 Rb3 25. Nf1 Rab8 26. N1e3 g6 27. Ng3 Be6 28.
f3 Bg7 29. Nd1 Ra8 30. h5 g5 31. Ne3 Nf6 32. Ngf5 Bf8 33. Rg1 Kh7 34. Nd1 Bxf5
35. gxf5 Nxh5 36. Rh1 Nf4+ 37. Bxf4 exf4 38. Kf1 Qb7 39. Ra3 Rxa3 40. bxa3 Qb3
41. Nf2 Qxa3 42. Kg2 Qc3 43. Rb1 Ra7 44. Ng4 h5 45. Nf2 Bg7 46. Rh1 h4 47. Rb1
a5 48. Rb6 Be5 49. Nh3 f6 50. Qa2 a4 51. Qb1 Qd2+ 52. Kh1 Qe3 53. Ng1 Bd4 54.
Kg2 Qf2+ 55. Kh1 h3 0-1

[Event "SR 2. liga A 2005/2006"]
[Site "?"]
[Date "2005.12.18"]
[Round "33.1"]
[White "Kozinka, Roman"]
[Black "Ruckschloss, Karol"]
[Result "0-1"]
[WhiteElo "2037"]
[BlackElo "2273"]
[PlyCount "55"]
[EventDate "2005.??.??"]

1. e4 e6 2. d4 d5 3. Nd2 Nf6 4. e5 Nfd7 5. Bd3 c5 6. c3 Nc6 7. Ne2 cxd4 8. cxd4
Nb4 9. Bb1 b5 10. f4 Nb6 11. O-O g6 12. Rf2 a5 13. Nf1 a4 14. Ne3 Bd7 15. g4
Nc4 16. f5 Qh4 17. Ng3 gxf5 18. gxf5 Nc6 19. Ng4 Kd8 20. Rf4 Rg8 21. Kg2 Bh6
22. Nxh6 Qxh6 23. Qe1 Kc7 24. fxe6 fxe6 25. Rf7 Qh4 26. Rxh7 Qxd4 27. Bh6 Qxb2+
28. Kh1 0-1

[Event "SR 2. liga A 2005/2006"]
[Site "?"]
[Date "2005.12.18"]
[Round "33.2"]
[White "Horak, Ivan"]
[Black "Halas, Miroslav"]
[Result "1/2-1/2"]
[WhiteElo "2141"]
[BlackElo "2004"]
[PlyCount "123"]
[EventDate "2005.??.??"]

1. e4 c6 2. d4 d5 3. Nd2 dxe4 4. Nxe4 Bf5 5. Ng3 Bg6 6. Nf3 Nd7 7. h4 h6 8. h5
Bh7 9. Bd3 Bxd3 10. Qxd3 Qc7 11. Bd2 Ngf6 12. O-O-O e6 13. c4 O-O-O 14. Ne4
Nxe4 15. Qxe4 Nf6 16. Qe2 c5 17. Bc3 Bd6 18. Ne5 Qe7 19. f4 Nd7 20. Kb1 Nb6 21.
b3 Bxe5 22. fxe5 cxd4 23. Bxd4 Qb4 24. Qb2 Rd7 25. Bc3 Qe7 26. Rxd7 Qxd7 27.
Qd2 Qxd2 28. Bxd2 Rd8 29. Ba5 Rd4 30. Bxb6 axb6 31. Rf1 Rg4 32. Rxf7 Rxg2 33.
Re7 Rg5 34. Kc2 Rxe5 35. Rxg7 Rxh5 36. Kc3 Rh2 37. a4 h5 38. Re7 h4 39. Rxe6 h3
40. Rxb6 Rh1 41. Rh6 h2 42. Kb4 Kc7 43. a5 Kd7 44. c5 Kc7 45. Rh7+ Kc6 46. Rh6+
Kc7 47. Kb5 Rb1 48. Rh7+ Kc8 49. Rxh2 Rxb3+ 50. Kc4 Ra3 51. Kb4 Ra1 52. Rb2 Kc7
53. Kb5 Ra3 54. Rb4 Ra1 55. Ra4 Rb1+ 56. Kc4 Kc6 57. a6 Rc1+ 58. Kd4 Rd1+ 59.
Kc4 Rc1+ 60. Kb4 Rb1+ 61. Kc3 bxa6 62. Rxa6+ 1/2-1/2

[Event "SR 2. liga A 2005/2006"]
[Site "?"]
[Date "2005.12.18"]
[Round "33.3"]
[White "Arendas, Marek"]
[Black "Kovarik, Oto"]
[Result "0-1"]
[WhiteElo "2111"]
[BlackElo "2108"]
[PlyCount "104"]
[EventDate "2005.??.??"]

1. e4 c5 2. Nf3 d6 3. c3 Nf6 4. Bd3 Nc6 5. h3 e6 6. Bc2 Be7 7. O-O O-O 8. d4
cxd4 9. Nxd4 Qc7 10. Bg5 a6 11. Kh1 Bd7 12. Nd2 Rac8 13. N2b3 Ne5 14. Rb1 h6
15. Bh4 Nc4 16. Nd2 b5 17. Nxc4 Qxc4 18. Bb3 Qc5 19. f3 Qh5 20. Qe1 Rfe8 21. f4
Qc5 22. Rd1 Qh5 23. e5 dxe5 24. fxe5 Nd5 25. Bxe7 Rxe7 26. Rd3 g5 27. Rg3 Kh8
28. Bd1 Qh4 29. b3 Rxc3 30. Rxc3 Qxe1 31. Rxe1 Nxc3 32. a3 Kg7 33. Bf3 f6 34.
exf6+ Kxf6 35. Bb7 a5 36. Rf1+ Kg7 37. Re1 Kf6 38. Rf1+ Ke5 39. Nf3+ Kd6 40. b4
axb4 41. axb4 Be8 42. Rc1 Rxb7 43. Rxc3 Bc6 44. Nd4 Bd5 45. Ra3 Ke5 46. Nc2 Rc7
47. Re3+ Kf4 48. Re2 Rc4 49. Kh2 Be4 50. Rf2+ Ke5 51. Ne3 Rxb4 52. Ng4+ Kd4 0-1

[Event "SR 2. liga A 2005/2006"]
[Site "?"]
[Date "2005.12.18"]
[Round "33.4"]
[White "Samko, Karol"]
[Black "Stetina, Erik"]
[Result "1/2-1/2"]
[WhiteElo "2039"]
[BlackElo "1871"]
[PlyCount "105"]
[EventDate "2005.??.??"]

1. e4 e5 2. Nf3 Nc6 3. Nc3 Bb4 4. Bb5 Nge7 5. O-O O-O 6. d3 Bxc3 7. bxc3 d5 8.
Ba3 dxe4 9. dxe4 f6 10. Bxc6 Nxc6 11. Bxf8 Kxf8 12. Qxd8+ Nxd8 13. Nd2 Ne6 14.
Nb3 b6 15. f3 Ke7 16. Kf2 Ba6 17. Rfd1 Nf4 18. Rd2 Rd8 19. Rad1 Rxd2+ 20. Rxd2
Bc4 21. g3 Ne6 22. Ke3 Nd8 23. a3 Nf7 24. Rd1 Nd6 25. Nd2 Ba2 26. a4 a5 27. Kd3
Be6 28. f4 Nb7 29. Nb3 Bd7 30. Ra1 Be6 31. c4 Kd6 32. f5 Bf7 33. g4 h6 34. h4
Be8 35. g5 fxg5 36. hxg5 hxg5 37. Rg1 Bxa4 38. Rxg5 Bxb3 39. cxb3 Nc5+ 40. Ke3
Nxb3 41. Rg6+ Kc5 42. Rxg7 Kd6 43. Rg6+ Kd7 44. Rg2 Nc5 45. Rd2+ Ke7 46. Rd5
Nd7 47. Rb5 Kf7 48. Ke2 Ke7 49. Kd2 Kd6 50. Ke3 Ke7 51. Kd2 Kd6 52. Rd5+ Ke7
53. Rb5 1/2-1/2

[Event "SR 2. liga A 2005/2006"]
[Site "?"]
[Date "2005.12.18"]
[Round "33.5"]
[White "Bukovsky, Milan"]
[Black "Kasanicky, Robert"]
[Result "1/2-1/2"]
[WhiteElo "2030"]
[BlackElo "1980"]
[PlyCount "52"]
[EventDate "2005.??.??"]

1. c4 e5 2. Nc3 Nf6 3. g3 d5 4. cxd5 Nxd5 5. Bg2 Nb6 6. Nf3 Nc6 7. O-O Be7 8.
b3 O-O 9. Bb2 Be6 10. Rc1 f5 11. d3 Bf6 12. Nd2 Qe8 13. Nc4 Nxc4 14. dxc4 e4
15. Rc2 Rd8 16. Rd2 Qf7 17. Rxd8 Rxd8 18. Qc1 Nd4 19. Re1 Qh5 20. Qf4 Rd7 21.
g4 fxg4 22. Nxe4 Be5 23. Ng3 Bxf4 24. Nxh5 Bd2 25. Rd1 Nxe2+ 26. Kf1 Nf4
1/2-1/2